| Tag |
First Indicator |
Second Indicator |
Subfields |
| LEADER |
00000cam a2200000 a 4500 |
| 001 |
in00000018807 |
| 005 |
20151007054053.0 |
| 008 |
870320s1987 ne b 00100 eng |
| 010 |
|
|
|a 87009459
|
| 020 |
|
|
|a 902772492X
|
| 035 |
|
|
|a (OCoLC)15489915
|
| 035 |
|
|
|9 AAB3883AM
|
| 040 |
|
|
|a DLC
|c DLC
|d TXA
|d UtOrBLW
|
| 049 |
|
|
|a TXAM
|c [A11495320]
|
| 050 |
0 |
0 |
|a QA402.5
|b .O653 1987
|
| 082 |
0 |
|
|a 511.3/2
|2 19
|
| 245 |
0 |
0 |
|a Optimization models using fuzzy sets and possibility theory /
|c edited by J. Kacprzyk and S.A. Orlovski.
|
| 264 |
|
1 |
|a Dordrecht ;
|a Boston :
|b D. Reidel ;
|c [1987]
|
| 264 |
|
2 |
|a Norwell, MA, U.S.A. :
|b Sold and distributed in the U.S.A. and Canada by Kluwer Academic,
|
| 264 |
|
4 |
|c ©1987
|
| 300 |
|
|
|a xii, 462 pages ;
|c 23 cm.
|
| 336 |
|
|
|a text
|b txt
|2 rdacontent
|
| 337 |
|
|
|a unmediated
|b n
|2 rdamedia
|
| 338 |
|
|
|a volume
|b nc
|2 rdacarrier
|
| 490 |
1 |
|
|a Theory and decision library. Series B, Mathematical and statistical methods
|
| 504 |
|
|
|a Includes bibliographies and index.
|
| 650 |
|
0 |
|a Mathematical optimization.
|
| 650 |
|
0 |
|a Fuzzy sets.
|
| 650 |
|
0 |
|a Decision making.
|
| 700 |
1 |
|
|a Kacprzyk, Janusz.
|
| 700 |
1 |
|
|a Orlovskiĭ, S. A.
|q (Sergeĭ Alekseevich)
|
| 830 |
|
0 |
|a Theory and decision library.
|n Series B,
|p Mathematical and statistical methods.
|
| 999 |
|
|
|a MARS
|
| 999 |
f |
f |
|s 39a6cb47-35f9-32f7-81ea-187b4127e1c0
|i 65962b9c-81fe-366a-8437-e28324f314de
|t 0
|
| 952 |
f |
f |
|p ric
|a Texas A&M University
|b Rellis Campus
|c Joint Library Facility
|d Remote Storage
|t 0
|e QA402.5 .O653 1987
|h Library of Congress classification
|i unmediated -- volume
|m A14811495320
|
| 998 |
f |
f |
|a QA402.5 .O653 1987
|t 0
|l Remote Storage
|